Vista normal Vista MARC

Entrada Topical Term

Número de registros utilizados en: 2

001 - CONTROL NUMBER

  • control field: 68471

003 - CONTROL NUMBER IDENTIFIER

  • control field: OSt

005 - DATE AND TIME OF LATEST TRANSACTION

  • control field: 20260130222717.0

008 - FIXED-LENGTH DATA ELEMENTS

  • fixed length control field: 260130|| aca||aabn | a|a d

040 ## - CATALOGING SOURCE

  • Original cataloging agency: OSt
  • Transcribing agency: OSt

150 ## - HEADING--TOPICAL TERM

  • Topical term or geographic name entry element: Literatura
  • General subdivision: Comentario de textos

670 ## - SOURCE DATA FOUND

  • Source citation: Work cat.: (OSt)60371: Lázaro Carreter, Fernando 1923-2004 68470, Como se comenta un texto literario









Instituto Departamental de Cultura del Meta - Red Departamental de Bibliotecas Públicas del Meta.